على ضفاف بحيرات مصر : (Record no. 65717)
[ view plain ]
| 000 -الفاتح | |
|---|---|
| حقل البيانات ثابتة الطول | 00777nam a22002057a 4500 |
| 005 - وقت وتاريخ اخر تعامل مع التسجيلة | |
| رقم الضبط | 20240530110839.0 |
| 008 - عناصر البيانات ثابتة الطول - معلومات عامة | |
| حقل البيانات ثابتة الطول | 191223s f 000 0 ara d |
| 017 ## - رقم الايداع القانونى | |
| المصدر ( الهيئة المختصة) | مصر. دار الكتب |
| 040 ## - مصدر الفهرسة | |
| وكالة الفهرسة الأصلية | EG-CaGPL |
| وكالة النسخ | EG-CaGPL |
| 082 ## - رقم تصنيف ديوى العشرى | |
| رقم الطبعة | 21 |
| رقم التصنيف | 916.214 |
| رقم المادة | ق/ع ع |
| 100 0# - المدخل الرئيسى - إسم شخصى | |
| الإسم الشخصى | عبدالمنصف محمود |
| 245 10 - بيان العنوان | |
| العنوان | على ضفاف بحيرات مصر : |
| بقية العنوان | بحيرة المنزلة -بحيرة البرلس / |
| بيان المسئوليه,etc | تاليف عبدالمنصف محمود |
| رقم الجزء/قسم العمل | الجزء الاول |
| 300 ## - الوصف المادى | |
| التعداد | 195ص. : |
| أبعاد الوعاء | 24 سم . |
| 650 07 - المدخل الاضافى بالموضوع-مصطلح موضوعى | |
| مصدر الرأس أو المصطلح | qrmak |
| مصطلح موضوعي | البحيرات |
| التقسيم الفرعي الشكلي | بحيرة المنزلة |
| -- | بحيرة البرلس |
| التقسيم الفرعي الجغرافي | مصر |
| 651 ## - المدخل الاضافى بالموضوع - اسم جغرافى | |
| مصدر الرأس أو المصطلح | qrmak |
| 653 ## - مصطلح تكشيفى غير مقيد | |
| مصطلح غير مقيد | بحيرات مصر |
| 942 ## - عناصر المدخل الإضافي( كوها) | |
| مصدر التصنيف او مخطط الترفيف | Dewey Decimal Classification |
| Koha [default] item type | كتاب |
| 260 ## - PUBLICATION, DISTRIBUTION, ETC. (IMPRINT) | |
| -- | القاهرة : |
| حالة التراجع | حالة الفقد | حالة تلف | ليس للاعارة | المكان المؤقت | الموقع الحالى | موقع الترفيف | تاريخ الاكتساب | اجمالي اﻻعارات | رقم الطلب | الباركود | تاريخ اخر مشاهدة | تاريخ تفعيل السعر | نوع وعاء كوها |
|---|---|---|---|---|---|---|---|---|---|---|---|---|---|
| مكتبة القاهرة الكبرى | مكتبة القاهرة الكبرى | 12/23/2019 | 916.214 ق/ع ع | 166832 | 12/23/2019 | 12/23/2019 | كتاب |

